000 01782nam a2200493 c 4500
999 _c152330
_d152330
003 BLK
005 20230802135339.0
008 180410b bul|||||r ||||||| ||bul||
010 _aKNG00158802000
020 _a978-954-337-212-6
040 _aBLK
041 _aBUL
_cBUL
072 7 _2bullib
_aН79
_xСпорт Н
072 7 _2bullib
_aЯ
_xАвтографи
072 7 _2bullib
_aК
_xКраезнание
072 7 _2bullib
_aРА
_xРусенски автори
080 _aМотоциклетен спорт
_b796.72
_x(497.215)(091)
_z796.72(497.215)(091)
100 _aНедков, Александър Георгиев
_d1946-
_9304267
139 _aНедков, Александър Георгиев
_bН 45
245 1 0 _aПаважно "дир тракъ" писта крос
_cАлександър Георгиев Недков.
257 _aBGR
260 _bАвангард принт
_c2014
300 _a255 с.
_bсъс сн.
_c23 см
380 _a79
500 _aОт автора за автора. - Библиогр. с. 253.
650 4 _aМотоциклетен спорт - България
_9162780
650 4 _aРусе - спорт и физическа култура
_9284446
651 4 _aРусе
_9179462
651 4 _aБългария
_9241624
653 _aмотоциклетизъм
653 _aмото спорт
653 _aистория
659 _aК
659 _aН
659 _aЯ
852 _aЦб 268288
852 _aК 796/799/Н 45 А
856 4 _qpdf
856 4 _qpdf
942 _cKNG
_n0
_s1
_01
944 _aCR
_c28.03.2014
_lТеодора Пейчева-Дянкова
_k30556
944 _aED
_c22.06.2016
_lф /
_kЛюдмила_Стоянова
999 _d152330